Statistiques concernant Quick Alphabet

Cliquez ici pour prendre le quiz!

Statistiques générales

  • Ce quiz a été pris 389 fois
  • Le résultat moyen est 22 sur 26

Statistiques - réponses

Letter% Correct
A
100%
B
95%
C
93%
D
91%
E
91%
F
90%
G
90%
H
89%
I
89%
J
88%
K
88%
L
87%
M
87%
N
86%
O
86%
P
86%
Q
84%
R
83%
S
81%
T
81%
U
81%
V
80%
W
78%
X
74%
Y
71%
Z
68%

Distribution des résultats

Percentile par nombre de réponses

% des personnes avec chaque résultat

Votre développement - résultats

Vous n’avez pas pris ce quiz